| 000 | 00686nam a22002411 4500 | ||
|---|---|---|---|
| 001 | Mimo0001582874 | ||
| 003 | OSt | ||
| 005 | 20140829213003.0 | ||
| 008 | 000401s1962 sp spa | ||
| 035 | _a(OCoLC)434298180 | ||
| 040 |
_aSpMaBN _cBMC |
||
| 082 | _a860.95 | ||
| 082 | _a306.946 | ||
| 100 | 1 | 0 |
_aVossler, Karl _9231 |
| 245 | 1 | 0 |
_aAlgunos caracteres de la cultura española _cKarl Vossler ; [traducción de Carlos Clavería] |
| 250 | _a2ª ed | ||
| 260 | 0 |
_aMadrid _bEspasa-Calpe _c1941 |
|
| 300 |
_a163 p. _c18 cm |
||
| 490 | 0 |
_aAustral _v270 |
|
| 650 |
_aLiteratura española _x-Historia y crítica |
||
| 700 | 1 | 1 |
_9234 _aClavería, Carlos _d1909-1974 |
| 942 |
_2ddc _cBK |
||
| 999 |
_c207 _d207 |
||